Datum a čas kvízu
14.5
Celkem bodů
Celkový počet nahraných bodů na tomto kvízu bez doplňovacích otázek.
8.
Pořadí na kvízu
Konečné umístění týmu na tomto kvízu.
Zaznamenané odpovědi
| # | Otázka | Odpověď | Body | Výsledky |
|---|---|---|---|---|
| 1. | Liberecká pizzerie Pizzaman př... | (dubajská) čokoláda | 0 | |
| 2. | Cestující, kteří v úterý chtěl... | B) Švýcarsko | 0 | |
| 3. | Minulý týden byla odtajněna jm... | Červený trpaslík, Kocour | 0.5 | |
| 4. | V loterii Eurojackpot padla je... | ze Švédska | 1 | |
| 5. | Letošní sezóna Formule 1 má za... | Red Bull | 0 | |
| 6. | Grónsko sice není zcela suveré... | .gl | 1 | |
| 7. | Pokud byste chtěli okusit jedn... | A | 0 | |
| 8. | Že je Grónsko největším ostrov... | C | 1 | |
| 9. | Které tvrzení o Grónsku je pra... | D | 0 | |
| 10. | Pod kterým písmenem je snímek... | A | 1 |